| 000 | 00628nam a2200217 a 4500 | ||
|---|---|---|---|
| 999 |
_c3292 _d3292 |
||
| 001 | 3292 | ||
| 003 | BD-JhCC | ||
| 005 | 20171112174722.0 | ||
| 008 | 171112s1984 bg |||| ||a| 000 0 ben d | ||
| 035 | _a(BD-JhCC) 3292 | ||
| 040 |
_aBD-JhCC _dBD-JhCC |
||
| 041 | _aben | ||
| 082 |
_a891.443 _bMIT 1986 |
||
| 100 | _aমিত্র, বিমল | ||
| 245 |
_aরাজরানী হও / _c বিমল মিত্র |
||
| 260 |
_aঢাকা : _bউজ্জ্বল সাহিত্য মন্দির , _c1986 |
||
| 300 |
_a194 p .: _c22 cm . |
||
| 650 | _aBengali Novel | ||
| 942 |
_2ddc _cBK |
||